000 00809nam a22002417a 4500
003 OSt
005 20180910050545.0
008 180220b xxu||||| |||| 00| 0 spa d
020 _a9505360975
040 _cPJ
100 _aHitters, Juan Carlos
_9120
245 1 0 _aTécnica de los recursos ordinarios y de la casación /
_cJuan Carlos Hitters, prólogo de Augusto M. Morello.
250 _a2a. ed.
260 _aBuenos Aires :
_cLep,
_b1998.
300 _axv, 749 p.
_c23 cm.
500 _aCitas bibliográficas y notas a pie de página.
650 0 _9267
_aDERECHO PROCESAL
650 0 _9178
_aDERECHO CONSTITUCIONAL
650 0 _92044
_aRECURSO EXTRAORDINARIO
650 0 _92107
_aRECURSO DE CASACION
700 _995
_aMorello, Augusto Mario
_eprologuista
942 _2udc
_cLIB
_h347.957
_iHIT
999 _c1416
_d1416